000 00413nam a22001697a 4500
003 NUST - PNEC
005 20170116180842.0
008 150822b xxu||||| |||| 00| 0 eng d
020 _a8121926149
040 _cLIBRARY
082 _a547 BAH
100 _95416
_aB. S, Bahl
245 _aText-book of organic chemistry
_cBahl, B. S
260 _cc.2009
650 _2Chemistry, Organic
_xME
942 _2ddc
_cBK
999 _c64434
_d64434